000 00490nam a22002057a 4500
003 UA-OsUOA
001 41341
007 ta
008 20060920b un ||||| |||| 00| 0 ukr d
090 _a50
942 _cBK
040 _aUA-OsUOA
_beng
_cUA-OsUOA
_dUA-OsUOA
245 _aStandard mathematical tables
300 _a520 с.
955 _a2
041 _aeng
080 _a50
650 7 _a50 Загальні відомості про чисті науки
_2UDC
999 _c327482
_d327482